Southville International School and Colleges
Your cart is empty.
  • Cart
  • Lists
    Public lists Eva Luna New books Lux_list list_1
    Your lists Log in to create your own lists
  • Log in to your account
  • Your cookies
  • Search history
Southville International School and Colleges
  • Advanced search
  • Recent comments
  • Most popular
  • Libraries

Log in to your account

Log in with GOOGLE


If you do not have an external account, but do have a local account, you can still log in:

  1. Home
  2. MARC view: Child art theraphy. /
Normal view MARC view ISBD view

Child art theraphy. / (Record no. 21580)

[ view plain ]
MARC details
000 -LEADER
fixed length control field 00612nam a2200217 a 4500
005 - DATE AND TIME OF LATEST TRANSACTION
control field 20140310183332.0
008 - FIXED-LENGTH DATA ELEMENTS--GENERAL INFORMATION
fixed length control field 060825s19uu xx 00 eng d
020 ## - INTERNATIONAL STANDARD BOOK NUMBER
International Standard Book Number 0471679917
050 ## - LIBRARY OF CONGRESS CALL NUMBER
Classification number RJ 505
Item number .R896 2005
100 ## - MAIN ENTRY--PERSONAL NAME
Personal name Rubin, Judith Aron
245 ## - TITLE STATEMENT
Title Child art theraphy. /
Statement of responsibility, etc Judith Aron rubibn
250 ## - EDITION STATEMENT
Edition statement 25th anniversary edition
260 ## - PUBLICATION, DISTRIBUTION, ETC. (IMPRINT)
Place of publication, distribution, etc Canada :
Name of publisher, distributor, etc John Wiley & Sons, Inc,
Date of publication, distribution, etc 2005.
300 ## - PHYSICAL DESCRIPTION
Extent 422 p. :
Other physical details ill. ;
Dimensions 24 cm.
521 ## - TARGET AUDIENCE NOTE
Target audience note
650 ## - SUBJECT ADDED ENTRY--TOPICAL TERM
Topical term or geographic name as entry element Art theraphy.
650 ## - SUBJECT ADDED ENTRY--TOPICAL TERM
Topical term or geographic name as entry element Child psychotheraphy.
650 ## - SUBJECT ADDED ENTRY--TOPICAL TERM
Topical term or geographic name as entry element Family psychotheraphy.
942 ## - ADDED ENTRY ELEMENTS (KOHA)
Koha item type Books
Source of classification or shelving scheme Library of Congress Classification
Call number prefix Foreign
Holdings
Withdrawn status Lost status Source of classification or shelving scheme Damaged status Home library Current library Shelving location Date acquired Source of acquisition Cost, normal purchase price Total Checkouts Full call number Barcode Date last seen Copy number Price effective from Koha item type
    Library of Congress Classification   College Library College Library General Circulation Section 10/02/2010   3847.00   RJ 505 .R896 2005 C7530 05/15/2018 1 10/10/2013 Books

Child art theraphy. /

APA

Rubin J. A., . (2005). Child art theraphy. Canada: John Wiley & Sons, Inc.

Chicago

Rubin Judith Aron, . 2005. Child art theraphy. Canada: John Wiley & Sons, Inc.

Harvard

Rubin J. A., . (2005). Child art theraphy. Canada: John Wiley & Sons, Inc.

MLA

Rubin Judith Aron, . Child art theraphy. Canada: John Wiley & Sons, Inc. 2005.

  • Place hold
  • Print
  • Cite
  • Add to your cart (remove)
  • Save record
    BIBTEX Dublin Core MARCXML MARC (non-Unicode/MARC-8) MARC (Unicode/UTF-8) MARC (Unicode/UTF-8, Standard) MODS (XML) RIS
  • More searches
    Search for this title in:
    Other Libraries (WorldCat) Other Databases (Google Scholar) Online Stores (Bookfinder.com) Open Library (openlibrary.org)

Exporting to Dublin Core...

SOUTHVILLE LIBRARY

Southville International School and Colleges Library

1281 Tropical Ave. Cor. Luxembourg St., BF Homes International, Las Pinas City

Tel. No. 8256374 / 252358 Loc. 117/146

Powered by Koha